[Event "FAI-chT 2122"]
[Site "Faroe Islands"]
[Date "2022.03.26"]
[Round "10.1"]
[White "Mortensen, Rogvi"]
[Black "Simonsen, Olavur"]
[Result "0-1"]
[WhiteElo "2018"]
[BlackElo "2217"]
[PlyCount "88"]
[EventDate "2021.10.03"]
[EventType "team-tourn"]
[EventRounds "10"]
[EventCountry "FAI"]
[SourceTitle "EXT 2023"]
[Source "ChessBase"]
[SourceDate "2022.10.05"]
[SourceVersion "1"]
[SourceVersionDate "2022.10.05"]
[SourceQuality "1"]
[WhiteTeam "Havnin II"]
[BlackTeam "Klaksvik"]
[WhiteTeamCountry "FAI"]
[BlackTeamCountry "FAI"]

1. d4 d5 2. c4 Nc6 3. Nf3 Bg4 4. Nc3 e6 5. cxd5 exd5 6. Qb3 Bb4 7. e3 Nge7 8. Be2 0-0 9. Bd2 Rb8 10. a3 Bxc3 11. Bxc3 Re8 12. 0-0 Ng6 13. h3 Bf5 14. Rfe1 Nce7 15. g4 Bd7 16. Ne5 c6 17. e4 Nf4 18. Bd2 Nxe2+ 19. Rxe2 Be6 20. Qg3 dxe4 21. Rxe4 Bd5 22. Ree1 f6 23. Nd3 b6 24. Bc3 Qd7 25. Rad1 Bf7 26. Rc1 Nd5 27. Bd2 h6 28. b4 Rxe1+ 29. Rxe1 Re8 30. Rxe8+ Qxe8 31. Qf3 Qd7 32. Qe4 Ne7 33. Nf4 g5 34. Ne2 Bg6 35. Qf3 Nd5 36. Ng3 Qe6 37. Nf1 f5 38. Ne3 fxg4 39. hxg4 Be4 40. Qg3 Nf4 41. Kh2 Qa2 42. Nf1 Qb1 43. Bxf4 Qxf1 44. f3 Bxf3 0-1

[Event "FAI-chT 2122"]
[Site "Faroe Islands"]
[Date "2022.01.23"]
[Round "6.1"]
[White "Simonsen, Olavur"]
[Black "Baldursson, Rani"]
[Result "1-0"]
[WhiteElo "2217"]
[BlackElo "1990"]
[PlyCount "117"]
[EventDate "2021.10.03"]
[EventType "team-tourn"]
[EventRounds "10"]
[EventCountry "FAI"]
[SourceTitle "EXT 2023"]
[Source "ChessBase"]
[SourceDate "2022.10.05"]
[SourceVersion "1"]
[SourceVersionDate "2022.10.05"]
[SourceQuality "1"]
[WhiteTeam "Klaksvik"]
[BlackTeam "Klaksvik II"]
[WhiteTeamCountry "FAI"]
[BlackTeamCountry "FAI"]

1. e4 c5 2. Nf3 Nc6 3. Bb5 g6 4. 0-0 Bg7 5. c3 Nf6 6. d4 cxd4 7. cxd4 a6 8. Bxc6 dxc6 9. Nc3 Bg4 10. Be3 0-0 11. h3 Bxf3 12. Qxf3 Qa5 13. a3 Rad8 14. Rfd1 Qh5 15. g4 Qh4 16. Qg2 g5 17. Ne2 h5 18. f3 hxg4 19. hxg4 Kh7 20. Ng3 e6 21. Kf2 Nxg4+ 22. fxg4 Qxg4 23. Qf3 Qxf3+ 24. Kxf3 Kg6 25. e5 f5 26. exf6 Bxf6 27. Kg2 Rd5 28. Ne4 Be7 29. Rf1 Rh8 30. Rae1 Rh4 31. Nc3 Rf5 32. Bf2 Rg4+ 33. Kh3 Kh5 34. Ne4 Rff4 35. Ng3+ Kg6 36. Rxe6+ Kf7 37. Rfe1 Rh4+ 38. Kg2 Bf6 39. R6e4 Rhg4 40. R1e2 Kg6 41. Re6 Kf7 42. R2e4 Kg6 43. b3 Rxe4 44. Rxe4 Rxe4 45. Nxe4 Be7 46. a4 Kf5 47. Nc5 Bxc5 48. dxc5 Ke4 49. a5 Kd3 50. b4 g4 51. Bh4 Kc4 52. Be1 Kd3 53. Kg3 Ke4 54. Kxg4 Ke5 55. Kg5 Ke6 56. Bg3 Kd7 57. Kf6 Kd8 58. Ke6 Kc8 59. Ke7 1-0

[Event "FAI-chT 2122"]
[Site "Faroe Islands"]
[Date "2021.11.07"]
[Round "4.1"]
[White "Ziska, Helgi Dam"]
[Black "Simonsen, Olavur"]
[Result "1-0"]
[WhiteElo "2539"]
[BlackElo "2217"]
[PlyCount "99"]
[EventDate "2021.10.03"]
[EventType "team-tourn"]
[EventRounds "10"]
[EventCountry "FAI"]
[SourceTitle "EXT 2023"]
[Source "ChessBase"]
[SourceDate "2022.10.05"]
[SourceVersion "1"]
[SourceVersionDate "2022.10.05"]
[SourceQuality "1"]
[WhiteTeam "Havnin"]
[BlackTeam "Klaksvik"]
[WhiteTeamCountry "FAI"]
[BlackTeamCountry "FAI"]

1. e4 d5 2. exd5 Nf6 3. Nf3 Nxd5 4. d4 g6 5. c4 Nb6 6. a4 Bg7 7. a5 N6d7 8. Nc3 0-0 9. Be3 e5 10. Be2 Nc6 11. d5 Ne7 12. 0-0 Nf5 13. Bg5 f6 14. Bd2 Re8 15. Ne4 Nd4 16. Nxd4 exd4 17. Qc2 h6 18. Ng3 f5 19. Rfd1 h5 20. Bf1 Ne5 21. Qc1 Bf6 22. Ne2 c5 23. dxc6 bxc6 24. Bb4 Rb8 25. Bc5 d3 26. Nd4 Nd7 27. Bxa7 Ra8 28. Qh6 Rxa7 29. Qxg6+ Kf8 30. Qh6+ Bg7 31. Qd6+ Kg8 32. Nxc6 Qc7 33. Qd5+ Kh8 34. Nxa7 Qxa7 35. Qf7 Rf8 36. Qxh5+ Kg8 37. Rxd3 Ne5 38. Rd2 f4 39. Rd5 Ng4 40. c5 Nf6 41. Rd7 Qxd7 42. Bc4+ Rf7 43. c6 Nxh5 44. cxd7 Bxd7 45. a6 Bb5 46. a7 Bxc4 47. a8Q+ Rf8 48. Qf3 Bxb2 49. Rb1 Re8 50. Qxh5 1-0

[Event "FAI-chT 2021"]
[Site "Faroe Islands"]
[Date "2020.11.08"]
[Round "4.1"]
[White "Ziska, Helgi Dam"]
[Black "Simonsen, Olavur"]
[Result "1-0"]
[WhiteElo "2535"]
[BlackElo "2193"]
[PlyCount "87"]
[EventDate "2020.10.04"]
[EventType "team-tourn"]
[EventRounds "10"]
[EventCountry "FAI"]
[SourceTitle "EXT 2022"]
[Source "ChessBase"]
[SourceDate "2021.10.06"]
[SourceVersion "1"]
[SourceVersionDate "2021.10.06"]
[SourceQuality "1"]
[WhiteTeam "Havnin"]
[BlackTeam "Klaksvik"]
[WhiteTeamCountry "FAI"]
[BlackTeamCountry "FAI"]

1. c4 e5 2. g3 Nc6 3. Nc3 Bb4 4. Bg2 Nf6 5. e4 Nd4 6. Nge2 Nxe2 7. Nxe2 0-0 8. a3 Be7 9. d4 d6 10. 0-0 c6 11. Re1 Be6 12. d5 cxd5 13. cxd5 Bd7 14. Nc3 b5 15. h3 Qb6 16. Bf1 Rfc8 17. Qd3 a6 18. Bd2 Qb7 19. a4 b4 20. Nd1 Ne8 21. b3 Bd8 22. Nb2 Bb6 23. Nc4 Bd4 24. Ra2 Rc5 25. Be3 Bxe3 26. Qxe3 Qc7 27. f4 f6 28. g4 a5 29. g5 exf4 30. Qxf4 fxg5 31. Qxg5 Qd8 32. Qg3 Qe7 33. e5 dxe5 34. Rxe5 Qf8 35. Rf2 Nf6 36. d6 Rxe5 37. Nxe5 Be6 38. Bc4 Bxc4 39. Nxc4 Qd8 40. Re2 Ra7 41. Re6 h6 42. Qe5 Kf8 43. Qc5 Kf7 44. Rxf6+ 1-0

[Event "FAI-chT 1920"]
[Site "Faroe Islands"]
[Date "2020.01.11"]
[Round "6.1"]
[White "Simonsen, Olavur"]
[Black "Andreasen, Jakup a Rogvi"]
[Result "1-0"]
[WhiteElo "2169"]
[BlackElo "1986"]
[PlyCount "53"]
[EventDate "2019.10.13"]
[EventType "team-tourn"]
[EventRounds "10"]
[EventCountry "FAI"]
[SourceTitle "CBM 195 Extra"]
[Source "ChessBase"]
[SourceDate "2020.05.31"]
[SourceVersion "1"]
[SourceVersionDate "2020.05.31"]
[SourceQuality "1"]
[WhiteTeam "Klaksvik"]
[BlackTeam "Vestmanna"]
[WhiteTeamCountry "FAI"]
[BlackTeamCountry "FAI"]

1. e4 c5 2. Nf3 Nc6 3. Bb5 g6 4. 0-0 Bg7 5. c3 e5 6. b4 cxb4 7. d4 bxc3 8. Nxc3 exd4 9. Nd5 a6 10. Bf4 axb5 11. Bc7 Nf6 12. Bxd8 Kxd8 13. Ng5 Ne5 14. f4 Nxd5 15. exd5 Nc4 16. Nxf7+ Kc7 17. Qb3 b6 18. Qxb5 Ba6 19. d6+ Kb8 20. Qxd7 Ra7 21. Qe6 Rf8 22. d7 d3 23. d8Q+ Rxd8 24. Nxd8 Rc7 25. Nc6+ Kb7 26. Ne5 Ne3 27. Rab1 1-0

[Event "FAI-chT 1920"]
[Site "Faroe Islands"]
[Date "2019.11.03"]
[Round "3.1"]
[White "Nielsen, Hogni Egilstoft"]
[Black "Simonsen, Olavur"]
[Result "1-0"]
[WhiteElo "2413"]
[BlackElo "2169"]
[PlyCount "77"]
[EventDate "2019.10.13"]
[EventType "team-tourn"]
[EventRounds "10"]
[EventCountry "FAI"]
[SourceTitle "CBM 195 Extra"]
[Source "ChessBase"]
[SourceDate "2020.05.31"]
[SourceVersion "1"]
[SourceVersionDate "2020.05.31"]
[SourceQuality "1"]
[WhiteTeam "Sandavagur"]
[BlackTeam "Klaksvik"]
[WhiteTeamCountry "FAI"]
[BlackTeamCountry "FAI"]

1. e4 Nc6 2. d4 d5 3. exd5 Qxd5 4. Nf3 e5 5. Nc3 Bb4 6. Bd2 Bxc3 7. Bxc3 exd4 8. Nxd4 Nxd4 9. Qxd4 Qxd4 10. Bxd4 Nf6 11. 0-0-0 Be6 12. Be5 c6 13. h3 0-0 14. Bd3 Nd5 15. c4 Nb6 16. b3 Rad8 17. f4 f6 18. Bc7 Rd7 19. Bxb6 axb6 20. Rhe1 Rfd8 21. Rxe6 Rxd3 22. Rxd3 Rxd3 23. Re7 b5 24. cxb5 cxb5 25. Rxb7 Rd5 26. Kc2 h5 27. Kc3 h4 28. a3 Rf5 29. Kb4 Rxf4+ 30. Kxb5 Rf2 31. a4 Rxg2 32. a5 Ra2 33. a6 g5 34. a7 f5 35. Rb8+ Kg7 36. a8Q Rxa8 37. Rxa8 Kf6 38. Kc4 g4 39. Kd4 1-0

[Event "FAI-chT 1819"]
[Site "Faroe Islands"]
[Date "2019.02.10"]
[Round "6.1"]
[White "Simonsen, Olavur"]
[Black "Petersen, Terji"]
[Result "1/2-1/2"]
[WhiteElo "2184"]
[BlackElo "1958"]
[PlyCount "188"]
[EventDate "2018.10.28"]
[EventType "team-tourn"]
[EventRounds "10"]
[EventCountry "FAI"]
[SourceTitle "CBM 189 Extra"]
[Source "ChessBase"]
[SourceDate "2019.06.03"]
[SourceVersion "1"]
[SourceVersionDate "2019.06.03"]
[SourceQuality "1"]
[WhiteTeam "Klaksvik"]
[BlackTeam "Klaksvik II"]
[WhiteTeamCountry "FAI"]
[BlackTeamCountry "FAI"]

1. e4 c5 2. Nf3 d6 3. c3 g6 4. d4 Qc7 5. Be3 Bg7 6. h3 Nf6 7. Bd3 c4 8. Bc2 b5 9. a4 bxa4 10. Nfd2 Nbd7 11. Rxa4 Nb6 12. Ra5 0-0 13. Na3 e6 14. Nb5 Qb8 15. Qe2 d5 16. e5 Ne8 17. 0-0 Bd7 18. Na3 Nc7 19. b3 cxb3 20. Nxb3 Na4 21. Bd2 Nb6 22. Nc5 Bc6 23. Bg5 Rc8 24. Be7 Ne8 25. Na6 Qb7 26. Bc5 Nc7 27. Bd3 Re8 28. Rb1 Bf8 29. Qb2 Nxa6 30. Bxa6 Qd7 31. Bxb6 Reb8 32. Nc2 Rxb6 33. Qa1 Rxb1+ 34. Qxb1 Qc7 35. Qa1 Qb6 36. Bd3 Be7 37. Ra6 Qb7 38. Kh2 Bd8 39. Nb4 Bd7 40. Qa3 Bb6 41. Na2 Qc7 42. Qe7 Re8 43. Qg5 Ba5 44. h4 Bc8 45. Rd6 Bxc3 46. Nxc3 Qxc3 47. h5 Qxd3 48. h6 Qf5 49. Rd8 Bd7 50. Qe7 Qh5+ 51. Kg3 Qxh6 52. Rxe8+ Bxe8 53. Qxe8+ Qf8 54. Qa4 Qb8 55. Kh4 Kg7 56. g4 Qb2 57. Kg3 Qc3+ 58. Kg2 a5 59. Qd1 h6 60. Qa4 Qb4 61. Qd1 a4 62. Qf3 Qxd4 63. Qf6+ Kg8 64. f4 Qa7 65. f5 exf5 66. gxf5 gxf5 67. Qxh6 Qe7 68. Kf3 Qxe5 69. Qg5+ Kh7 70. Qh5+ Kg7 71. Qg5+ Kf8 72. Qd8+ Qe8 73. Qd6+ Qe7 74. Qb8+ Kg7 75. Qg3+ Kf6 76. Qh4+ Ke6 77. Qxa4 Qd7 78. Qd4 Qc7 79. Qe3+ Qe5 80. Qb6+ Ke7 81. Qb4+ Qd6 82. Qh4+ Kd7 83. Qa4+ Qc6 84. Qa7+ Kd6 85. Qxf7 d4+ 86. Ke2 Qc2+ 87. Kf1 Qc1+ 88. Ke2 Qe3+ 89. Kf1 Qf3+ 90. Ke1 Ke5 91. Qc7+ Ke4 92. Qc6+ Ke3 93. Qc3+ d3 94. Qxd3+ Kxd3 1/2-1/2

[Event "FAI-chT 1819"]
[Site "Faroe Islands"]
[Date "2019.01.19"]
[Round "4.3"]
[White "Ziska, Helgi Dam"]
[Black "Simonsen, Olavur"]
[Result "1/2-1/2"]
[WhiteElo "2550"]
[BlackElo "2184"]
[PlyCount "65"]
[EventDate "2018.10.28"]
[EventType "team-tourn"]
[EventRounds "10"]
[EventCountry "FAI"]
[SourceTitle "CBM 189 Extra"]
[Source "ChessBase"]
[SourceDate "2019.06.03"]
[SourceVersion "1"]
[SourceVersionDate "2019.06.03"]
[SourceQuality "1"]
[WhiteTeam "Havnin"]
[BlackTeam "Klaksvik"]
[WhiteTeamCountry "FAI"]
[BlackTeamCountry "FAI"]

1. e4 e5 2. Nf3 Nc6 3. Bb5 f5 4. d3 fxe4 5. dxe4 d6 6. Nc3 Bg4 7. h3 Bxf3 8. Qxf3 Nf6 9. Nd5 a6 10. Bc4 Nd4 11. Qd1 Nxd5 12. Bxd5 c6 13. c3 cxd5 14. cxd4 dxe4 15. 0-0 Qd7 16. Be3 Be7 17. dxe5 d5 18. Qb3 Qb5 19. Qxb5+ axb5 20. Rfd1 Rd8 21. Rac1 Kf7 22. Rc7 Ke6 23. g3 g6 24. Bd4 Bg5 25. Rc5 Rd7 26. Rxb5 Rc8 27. a4 Bd8 28. h4 Rc4 29. b3 Rc2 30. Kg2 Rf7 31. h5 gxh5 32. Rh1 h4 33. gxh4 1/2-1/2

[Event "FAI-chT 1819"]
[Site "Faroe Islands"]
[Date "2018.11.25"]
[Round "3.1"]
[White "Nielsen, Hogni Egilstoft"]
[Black "Simonsen, Olavur"]
[Result "1-0"]
[WhiteElo "2400"]
[BlackElo "2184"]
[PlyCount "65"]
[EventDate "2018.10.28"]
[EventType "team-tourn"]
[EventRounds "10"]
[EventCountry "FAI"]
[SourceTitle "CBM 189 Extra"]
[Source "ChessBase"]
[SourceDate "2019.06.03"]
[SourceVersion "1"]
[SourceVersionDate "2019.06.03"]
[SourceQuality "1"]
[WhiteTeam "Sandavagur"]
[BlackTeam "Klaksvik"]
[WhiteTeamCountry "FAI"]
[BlackTeamCountry "FAI"]

1. e4 e5 2. Nf3 Nc6 3. Bc4 Nf6 4. d3 Be7 5. 0-0 0-0 6. Re1 d6 7. c3 h6 8. Nbd2 Nh7 9. Nf1 Be6 10. Ng3 Ng5 11. Nxg5 Bxc4 12. dxc4 Bxg5 13. Be3 g6 14. Qb3 Qc8 15. Rad1 Bxe3 16. Rxe3 Rb8 17. Nf1 Qe6 18. Rh3 Kg7 19. Ne3 Ne7 20. c5 Qxb3 21. axb3 dxc5 22. Rd7 Nc6 23. Rf3 Rbd8 24. Rxc7 Rd2 25. Rxb7 Rxb2 26. h4 Na5 27. Rxa7 Nxb3 28. Nc4 Rc2 29. Rd3 Nd4 30. Nxe5 Ne2+ 31. Kh2 Nf4 32. Rdd7 Rxf2 33. Kg3 1-0

[Event "FAI-ch"]
[Site "Torshavn"]
[Date "2018.03.25"]
[Round "2"]
[White "Thorsteinsson, Sjurdur"]
[Black "Simonsen, Olavur"]
[Result "1/2-1/2"]
[WhiteElo "2191"]
[BlackElo "2183"]
[PlyCount "77"]
[EventDate "2018.03.24"]
[EventType "tourn"]
[EventRounds "7"]
[EventCountry "FAI"]
[SourceTitle "CBM 183 Extra"]
[Source "ChessBase"]
[SourceDate "2018.04.19"]
[SourceVersion "1"]
[SourceVersionDate "2018.04.19"]
[SourceQuality "1"]

1. d4 f5 2. c4 e6 3. g3 Nf6 4. Bg2 d6 5. Nc3 Be7 6. Nh3 0-0 7. 0-0 Nc6 8. d5 Ne5 9. b3 c6 10. Nf4 g5 11. Nxe6 Bxe6 12. dxe6 Ne8 13. e3 Ng7 14. Ne2 Nxe6 15. Nd4 Nxd4 16. exd4 Ng6 17. Qd3 Qd7 18. f4 gxf4 19. Bxf4 Nxf4 20. Rxf4 Bg5 21. Rf3 Qe7 22. Raf1 Qe4 23. Qxe4 fxe4 24. Rxf8+ Rxf8 25. Rxf8+ Kxf8 26. Bxe4 Be3+ 27. Kg2 Kg7 28. d5 c5 29. Kf3 Bg1 30. h4 h6 31. Bf5 Kf6 32. Bc8 b6 33. g4 Bd4 34. Kf4 Be5+ 35. Kf3 Bc3 36. Ke4 Be1 37. h5 b5 38. Bd7 Kg5 39. Be6 1/2-1/2

[Event "FAI-ch"]
[Site "Torshavn"]
[Date "2018.03.24"]
[Round "1"]
[White "Simonsen, Olavur"]
[Black "Ziska, Helgi Dam"]
[Result "0-1"]
[WhiteElo "2183"]
[BlackElo "2552"]
[PlyCount "62"]
[EventDate "2018.03.24"]
[EventType "tourn"]
[EventRounds "7"]
[EventCountry "FAI"]
[SourceTitle "CBM 183 Extra"]
[Source "ChessBase"]
[SourceDate "2018.04.19"]
[SourceVersion "1"]
[SourceVersionDate "2018.04.19"]
[SourceQuality "1"]

1. e4 c5 2. c3 Nf6 3. e5 Nd5 4. d4 cxd4 5. Nf3 d6 6. cxd4 Nc6 7. Bc4 e6 8. 0-0 Be7 9. a3 0-0 10. Re1 Bd7 11. Bd2 b5 12. Bxd5 exd5 13. Nc3 Bg4 14. Bf4 dxe5 15. dxe5 d4 16. Nxb5 Qb6 17. Nbxd4 Bc5 18. Nxc6 Bxf2+ 19. Kf1 Bxe1 20. Ne7+ Kh8 21. Qxe1 Rae8 22. Qh4 Bxf3 23. gxf3 Qb5+ 24. Ke1 Qc5 25. Rc1 Qxe7 26. Qxe7 Rxe7 27. Kf2 h6 28. Be3 Rd8 29. Rc5 Rd3 30. Ra5 Rc7 31. Rxa7 Rc2+ 0-1

[Event "FAI-chT 1718"]
[Site "Faroe Islands"]
[Date "2018.02.25"]
[Round "8.1"]
[White "Simonsen, Olavur"]
[Black "Nielsen, Rogvi Egilstoft"]
[Result "1/2-1/2"]
[WhiteElo "2201"]
[BlackElo "2338"]
[PlyCount "178"]
[EventDate "2017.10.22"]
[EventType "team-tourn"]
[EventRounds "10"]
[EventCountry "FAI"]
[SourceTitle "EXT 2019"]
[Source "ChessBase"]
[SourceDate "2018.10.10"]
[SourceVersion "1"]
[SourceVersionDate "2018.10.10"]
[SourceQuality "1"]
[WhiteTeam "Klaksvik"]
[BlackTeam "Sandavagur"]
[WhiteTeamCountry "FAI"]
[BlackTeamCountry "FAI"]

1. e4 e5 2. Nf3 Nc6 3. Bc4 Bc5 4. b4 Bb6 5. a4 a6 6. c3 Nf6 7. Qb3 Qe7 8. d3 d6 9. Be3 Bxe3 10. fxe3 Ng4 11. Ke2 Nd8 12. Nbd2 c6 13. h3 Nf6 14. Kf2 Ne6 15. a5 0-0 16. Kg1 Nc7 17. Qc2 d5 18. exd5 cxd5 19. Bb3 Bf5 20. Ne1 Rac8 21. Qb2 Rfe8 22. Ba4 Bd7 23. Bxd7 Nxd7 24. Rc1 Qg5 25. Nf1 Re6 26. c4 Qd8 27. c5 Nb8 28. g3 Nc6 29. Rh2 Qg5 30. Rcc2 Rce8 31. Rcf2 Rg6 32. Qd2 d4 33. Nc2 Nd5 34. Rf3 dxe3 35. Nfxe3 Nxe3 36. Qxe3 Qxe3+ 37. Rxe3 Rd8 38. Rd2 Re6 39. g4 Kf8 40. Re4 Ke7 41. Kf2 g6 42. g5 f6 43. Rh4 Rh8 44. d4 fxg5 45. Rg4 Rf8+ 46. Kg3 exd4 47. Nxd4 Re3+ 48. Kg2 Ne5 49. Rxg5 Rd8 50. Re2 Rxe2+ 51. Nxe2 Kf6 52. Rg3 Rd2 53. Kf1 Rb2 54. Nc3 Kf5 55. Nd5 Ke4 56. Nf6+ Kf4 57. Rc3 h5 58. Nd5+ Ke4 59. Ne7 Rxb4 60. c6 bxc6 61. Nxc6 Rb1+ 62. Kg2 Nd3 63. Kg3 Rg1+ 64. Kh2 Rg5 65. Ra3 Ne1 66. h4 Nf3+ 67. Kh3 Rd5 68. Nb4 Rd6 69. Rc3 Ne5 70. Rc8 Nd3 71. Re8+ Kd4 72. Nxd3 Kxd3 73. Re5 Rf6 74. Re8 Kd4 75. Kg3 Kd5 76. Rb8 Kc5 77. Rb7 Rd6 78. Rb3 Re6 79. Kf4 Kd4 80. Rb6 Re4+ 81. Kg3 Rg4+ 82. Kh3 Kc5 83. Rxa6 Kb5 84. Ra8 g5 85. hxg5 Rxg5 86. Kh4 Rg6 87. Kxh5 Ra6 88. Rxa6 Kxa6 89. Kg5 Kxa5 1/2-1/2

[Event "FAI-chT 1718"]
[Site "Faroe Islands"]
[Date "2018.01.20"]
[Round "4.3"]
[White "Bekker Jensen, Simon"]
[Black "Simonsen, Olavur"]
[Result "1-0"]
[WhiteElo "2478"]
[BlackElo "2201"]
[PlyCount "179"]
[EventDate "2017.10.22"]
[EventType "team-tourn"]
[EventRounds "10"]
[EventCountry "FAI"]
[SourceTitle "EXT 2019"]
[Source "ChessBase"]
[SourceDate "2018.10.10"]
[SourceVersion "1"]
[SourceVersionDate "2018.10.10"]
[SourceQuality "1"]
[WhiteTeam "Havnin"]
[BlackTeam "Klaksvik"]
[WhiteTeamCountry "FAI"]
[BlackTeamCountry "FAI"]

1. d4 d5 2. c4 Nc6 3. Nc3 dxc4 4. d5 Ne5 5. f4 Nd7 6. e4 Nb6 7. a4 a5 8. Be3 e6 9. Bxb6 cxb6 10. Bxc4 Bb4 11. Bb5+ Bd7 12. dxe6 fxe6 13. Bxd7+ Qxd7 14. Qxd7+ Kxd7 15. Nge2 Nf6 16. Kf2 Ke7 17. Rhd1 Rhd8 18. Kf3 Rac8 19. Rxd8 Rxd8 20. Rd1 Nd7 21. e5 Rf8 22. Ke3 Nc5 23. h4 h5 24. Kf3 Nd7 25. Ke3 Nc5 26. g3 g6 27. Na2 Nxa4 28. Nxb4 axb4 29. Rd4 Nxb2 30. Rxb4 Nd1+ 31. Ke4 Nf2+ 32. Kf3 Nd3 33. Rb5 Rd8 34. Rxb6 Nc5 35. Rb5 Rd3+ 36. Kg2 Rd2 37. Rxc5 Rxe2+ 38. Kf3 Rb2 39. Rc7+ Kf8 40. Rc8+ Kf7 41. Rc3 Ke7 42. g4 hxg4+ 43. Kxg4 Rg2+ 44. Kf3 Rb2 45. Rc7+ Kf8 46. Kg4 Rg2+ 47. Kh3 Rb2 48. h5 gxh5 49. Kh4 Rg2 50. Kxh5 Rg7 51. Rc8+ Kf7 52. Rb8 Rh7+ 53. Kg5 Rg7+ 54. Kh6 Rg4 55. Rxb7+ Kf8 56. Rb4 Kf7 57. Kh5 Rg1 58. Rb7+ Kf8 59. Kh4 Rg2 60. Rb3 Kf7 61. Rg3 Ra2 62. Kg4 Ra1 63. Rg2 Rb1 64. Ra2 Rg1+ 65. Kf3 Rf1+ 66. Ke3 Re1+ 67. Kf2 Rb1 68. Ra6 Rb3 69. Rd6 Ra3 70. Ke2 Rb3 71. Rd3 Rb1 72. Rg3 Ra1 73. Kf3 Rf1+ 74. Ke4 Re1+ 75. Re3 Rh1 76. Re2 Rd1 77. Rc2 Re1+ 78. Kf3 Rf1+ 79. Ke3 Re1+ 80. Kf2 Ra1 81. Rc7+ Kg6 82. Re7 Kf5 83. Rf7+ Ke4 84. Kg3 Rg1+ 85. Kh4 Rg2 86. Rf6 Rg1 87. Kh5 Rg2 88. Rg6 Rf2 89. Kg5 Rxf4 90. Rf6 1-0

[Event "FAI-chT 1617"]
[Site "Faroe Islands"]
[Date "2017.03.18"]
[Round "10.1"]
[White "Simonsen, Olavur"]
[Black "Simonsen, Hans Kristian"]
[Result "0-1"]
[WhiteElo "2212"]
[BlackElo "2153"]
[PlyCount "98"]
[EventDate "2016.10.23"]
[EventType "team-tourn"]
[EventRounds "10"]
[EventCountry "FAI"]
[SourceTitle "EXT 2020"]
[Source "ChessBase"]
[SourceDate "2019.10.17"]
[SourceVersion "1"]
[SourceVersionDate "2019.10.17"]
[SourceQuality "1"]
[WhiteTeam "Klaksvik"]
[BlackTeam "Kollafjordur"]
[WhiteTeamCountry "FAI"]
[BlackTeamCountry "FAI"]

1. e4 c5 2. Nf3 d6 3. c3 Nf6 4. Be2 Nbd7 5. d3 g6 6. 0-0 Bg7 7. Bg5 0-0 8. Nbd2 h6 9. Bh4 b6 10. Qc2 Qc7 11. h3 Bb7 12. Rfd1 g5 13. Bg3 Nh5 14. Bh2 Nf4 15. Bf1 Ng6 16. Rac1 Rac8 17. Qb1 Nde5 18. d4 Nxf3+ 19. Nxf3 cxd4 20. cxd4 Qd7 21. d5 g4 22. Rxc8 Rxc8 23. Nd4 Bxd4 24. Rxd4 gxh3 25. gxh3 Qc7 26. Rc4 Qd8 27. Qc1 Rxc4 28. Qxc4 Kh7 29. Qc3 Qg8 30. Kh1 f5 31. f3 fxe4 32. fxe4 Qf7 33. Kg1 Nh4 34. Bg3 Nf3+ 35. Kg2 Ng5 36. Qe3 Bc8 37. Bd3 Bxh3+ 38. Kh2 Qh5 39. Kg1 Qd1+ 40. Kh2 Bf1 41. Bxf1 Qxf1 42. Bf4 Nf3+ 43. Kg3 Ne1 44. Bxh6 Qg2+ 45. Kf4 Nc2 46. Qc3 Qf2+ 47. Kg4 Nd4 48. Qe3 Qg2+ 49. Kh5 Qg6+ 0-1

[Event "Runavik op"]
[Site "Runavik"]
[Date "2016.11.26"]
[Round "8"]
[White "Bekker Jensen, Simon"]
[Black "Simonsen, Olavur"]
[Result "1/2-1/2"]
[WhiteElo "2473"]
[BlackElo "2207"]
[PlyCount "104"]
[EventDate "2016.11.21"]
[EventType "swiss"]
[EventRounds "9"]
[EventCountry "FAI"]
[SourceTitle "CBM 175 Extra"]
[Source "ChessBase"]
[SourceDate "2016.12.12"]
[SourceVersion "1"]
[SourceVersionDate "2016.12.12"]
[SourceQuality "1"]

1. c4 Nc6 2. g3 e5 3. Bg2 Nf6 4. Nc3 Bb4 5. Nd5 Be7 6. e3 0-0 7. Ne2 Nb4 8. Nxe7+ Qxe7 9. d3 c6 10. Nc3 Rd8 11. a3 Na6 12. e4 Nc7 13. f4 d5 14. cxd5 cxd5 15. fxe5 Qxe5 16. d4 Qe6 17. e5 Ne4 18. 0-0 Nxc3 19. bxc3 Qc6 20. Bg5 Re8 21. c4 Qg6 22. Bf4 Be6 23. c5 b6 24. Rc1 Re7 25. Qb3 Bf5 26. cxb6 axb6 27. Rxc7 Rxc7 28. Bxd5 Be6 29. Bxe6 fxe6 30. d5 Qc2 31. Qxb6 Qc5+ 32. Qxc5 Rxc5 33. d6 Rd5 34. Rf3 g5 35. Bxg5 Rxe5 36. Be7 Rd5 37. Kg2 Ra4 38. Kh3 h5 39. Rf6 Re4 40. a4 Kg7 41. Rf4 Rxf4 42. gxf4 Kf7 43. Kh4 Ke8 44. Bg5 Rxd6 45. Kxh5 Kf7 46. h4 Ra6 47. Kg4 Rxa4 48. Kf3 Kg6 49. Ke3 Kf5 50. Kd3 Ra1 51. Kd4 Rd1+ 52. Kc5 Rd5+ 1/2-1/2

[Event "Runavik op"]
[Site "Runavik"]
[Date "2016.11.23"]
[Round "3"]
[White "Simonsen, Olavur"]
[Black "Berg, Margar"]
[Result "0-1"]
[WhiteElo "2207"]
[BlackElo "1789"]
[PlyCount "100"]
[EventDate "2016.11.21"]
[EventType "swiss"]
[EventRounds "9"]
[EventCountry "FAI"]
[SourceTitle "CBM 175 Extra"]
[Source "ChessBase"]
[SourceDate "2016.12.12"]
[SourceVersion "1"]
[SourceVersionDate "2016.12.12"]
[SourceQuality "1"]

1. e4 c5 2. Nf3 d6 3. c3 Nf6 4. Be2 Nbd7 5. Qc2 e6 6. d4 Qc7 7. 0-0 cxd4 8. Nxd4 a6 9. f4 e5 10. Nf5 Nc5 11. Ng3 Bd7 12. c4 Bc6 13. Nc3 Ne6 14. f5 Nd4 15. Qd3 Be7 16. Be3 Nxe2+ 17. Qxe2 h5 18. Qd3 h4 19. Nge2 h3 20. g3 Ng4 21. Rad1 0-0 22. Kh1 b5 23. Nd5 bxc4 24. Qxc4 Nxe3 25. Qxc6 Qa7 26. Nxe3 Qxe3 27. Qc2 Rfc8 28. Nc3 Rab8 29. Qf2 Qh6 30. Rfe1 Bd8 31. Nd5 Rc5 32. Qe2 Rbc8 33. Qxa6 Qh5 34. Qe2 Qg5 35. Rd2 Rc4 36. Red1 Ba5 37. b4 Bxb4 38. Nxb4 Rxb4 39. Rxd6 Rcc4 40. Rd8+ Kh7 41. a3 Ra4 42. R8d3 Rxe4 43. Qf3 Rac4 44. g4 Rxg4 45. Qxh3+ Rh4 46. Rg3 Qh5 47. Rxg7+ Kxg7 48. f6+ Kh7 49. Qd3+ Qg6 50. Qd8 Qe4+ 0-1

[Event "FAI-ch"]
[Site "Hoyvik"]
[Date "2015.04.02"]
[Round "7"]
[White "Simonsen, Olavur"]
[Black "Simonsen, Hans Kristian"]
[Result "1-0"]
[WhiteElo "2205"]
[BlackElo "2128"]
[PlyCount "109"]
[EventDate "2015.03.28"]
[EventType "tourn"]
[EventRounds "9"]
[EventCountry "FAI"]
[SourceTitle "CBM 165 Extra"]
[Source "ChessBase"]
[SourceDate "2015.04.21"]
[SourceVersion "1"]
[SourceVersionDate "2015.04.21"]
[SourceQuality "1"]

1. d4 e6 2. Nf3 f5 3. g3 Nf6 4. Bg2 Be7 5. 0-0 0-0 6. c4 d6 7. Nc3 Ne4 8. Qc2 Nxc3 9. Qxc3 Bf6 10. Rd1 Qe7 11. Qc2 e5 12. e4 Nc6 13. d5 Nb4 14. Qe2 f4 15. a3 Na6 16. b4 g5 17. Ne1 g4 18. f3 h5 19. Ra2 Qg7 20. gxf4 exf4 21. Bxf4 h4 22. Kh1 h3 23. Bf1 gxf3 24. Qf2 Bg4 25. Nc2 Kh8 26. Bd3 Rg8 27. Rg1 Raf8 28. Ne3 Qd7 29. e5 Bd8 30. e6 Bxe6 31. Qxf3 Rxg1+ 32. Kxg1 Qg7+ 33. Kh1 Bd7 34. Qh5+ Kg8 35. Nf5 Qf6 36. Qxh3 Bxf5 37. Bxf5 Qh4 38. Be6+ Kh8 39. Qxh4+ Bxh4 40. Be3 c5 41. dxc6 bxc6 42. Bxa7 Bf6 43. Bg1 Ra8 44. Rd2 d5 45. cxd5 Nc7 46. Bd7 cxd5 47. Rd3 Rd8 48. Bf5 d4 49. Rh3+ Kg8 50. a4 Ra8 51. Bc2 Na6 52. Rb3 Be7 53. Rg3+ Kf8 54. Bb3 Bd8 55. Bxd4 1-0